Growth of trade and industry in modern India : (Record no. 60308)
[ view plain ]
| 000 -LEADER | |
|---|---|
| fixed length control field | 01010nam a2200277 a 4500 |
| 001 - CONTROL NUMBER | |
| control field | 60308 |
| 003 - CONTROL NUMBER IDENTIFIER | |
| rucl marc code | BD-RjUL |
| 005 - DATE AND TIME OF LATEST TRANSACTION | |
| control field | 20211209080826.0 |
| 008 - FIXED-LENGTH DATA ELEMENTS--GENERAL INFORMATION | |
| fixed length control field | 161230s1931 ii a a 001 0 eng |
| 035 ## - SYSTEM CONTROL NUMBER | |
| System control number | (BD-RjUL)60432 |
| 040 ## - CATALOGING SOURCE | |
| Original cataloging agency | DLC |
| Transcribing agency | DLC |
| Modifying agency | BD-RjUL |
| Language of cataloging | eng |
| 041 ## - LANGUAGE CODE | |
| Language code of text/sound track or separate title | eng |
| 082 ## - DEWEY DECIMAL CLASSIFICATION NUMBER | |
| Edition number | 23 |
| Classification number | 338.0954 |
| Author mark and year | VAG 1931 |
| 100 1# - MAIN ENTRY--PERSONAL NAME | |
| Personal name | Vakil, C. N. |
| Fuller form of name | (Chandulal Nagindas), |
| Dates associated with a name | 1895-1979. |
| 9 (RLIN) | 179475 |
| 245 10 - TITLE STATEMENT | |
| Title | Growth of trade and industry in modern India : |
| Remainder of title | an introductory survey / |
| Statement of responsibility, etc. | by C.N. Vakil, S.C. Bose, and P.V. Deolalkar. |
| 260 ## - PUBLICATION, DISTRIBUTION, ETC. (IMPRINT) | |
| Place of publication, distribution, etc. | Calcutta ; |
| -- | New York : |
| Name of publisher, distributor, etc. | Longmans, Green and Co., |
| Date of publication, distribution, etc. | c1931 |
| 300 ## - PHYSICAL DESCRIPTION | |
| Pagination | xii, 398 p. ; |
| Size | 21 cm. |
| 490 ## - SERIES STATEMENT | |
| Series statement | SAMP early 20th-century Indian books project ; |
| Volume/sequential designation | item 08788. |
| 500 ## - GENERAL NOTE | |
| General note | Includes index. |
| 650 #0 - SUBJECT ADDED ENTRY--TOPICAL TERM | |
| Topical term or geographic name as entry element | Industries |
| Geographic subdivision | India. |
| 9 (RLIN) | 175996 |
| 651 #0 - SUBJECT ADDED ENTRY--GEOGRAPHIC NAME | |
| Geographic name | India |
| General subdivision | Commerce. |
| 9 (RLIN) | 179221 |
| 700 1# - ADDED ENTRY--PERSONAL NAME | |
| Personal name | Bose, Suresh Chunder. |
| Personal name | Deolalkar, P. V. |
| 830 #0 - SERIES ADDED ENTRY--UNIFORM TITLE | |
| Uniform title | SAMP early 20th-century Indian books project ; |
| Volume number/sequential designation | item 08788. |
| 942 ## - ADDED ENTRY ELEMENTS (KOHA) | |
| Source of classification or shelving scheme | Dewey Decimal Classification |
| Koha item type | Books |
| Lost status | Source of classification or shelving scheme | Damaged status | Not for loan | Collection code | Permanent Location | Current Location | Shelving location | Date acquired | Source of acquisition | Cost, normal purchase price | Total Checkouts | Full call number | Date last seen | Copy number | Koha item type |
|---|---|---|---|---|---|---|---|---|---|---|---|---|---|---|---|
| Dewey Decimal Classification | Not For Loan | Non-fiction | Central Library, University of Rajshahi | Central Library, University of Rajshahi | Reading Room | 04/03/1957 | Publisher united | 14.00 | 338.0954 VAG 1931 | 29/12/2016 | C-1 | Books |